000 02462cam a2200289 4500500
005 20260322013503.0
041 _afre
042 _adc
100 1 0 _aDenéchère, Yves
_eauthor
245 0 0 _aL’historien de l’adoption internationale, du balcon à la scène
260 _c2025.
500 _a64
520 _aFifteen years after the publication of a programmatic article in Vingtième Siècle. Revue d’histoire launching an investigation into the history of international adoption in France, this contribution offers a nuanced account of how to construct a history of the present that is simultaneously situated, scholarly, and ethical. Adopting a reflexive approach, it discusses researchers’ positioning in relation to the those directly affected by their subject of study, as well as institutional actors and the media. As experts, historians have moved from the epistemic balcony of historical analysis to the main stage, where all the stakeholders in the world of international adoption interact. This shift raises broader questions about the professional practice of contemporary historians and their social role.
520 _aQuinze ans après la publication dans Vingtième Siècle. Revue d’histoire d’un article programmatique destiné à lancer le chantier de l’histoire de l’adoption internationale en France, cette contribution propose un retour d’expérience sur la manière d’élaborer une histoire du temps présent à la fois située, savante et éthique. Dans une démarche réflexive, est évoqué le positionnement du chercheur par rapport aux personnes concernées par son objet d’étude, aux acteurs institutionnels et aux médias. Devenant expert, l’historien est passé du balcon épistémique de l’histoire à la scène où évolue l’ensemble des parties prenantes du monde de l’adoption internationale. Ce déplacement interroge la pratique historienne des contemporanéistes et leur rôle social.
690 _aadoption
690 _aéthique
690 _apratique historienne
690 _arôle social
690 _atemps présent
690 _aadoption
690 _aethics
690 _ahistorical methods
690 _apresent-day history
690 _asocial role
786 0 _n20 & 21. Revue d'histoire | 165 | 1 | 2025-06-03 | p. 135-150 | 2649-664X
856 4 1 _uhttps://shs.cairn.info/revue-20-21-revue-dhistoire-2025-1-page-135?lang=fr&redirect-ssocas=7080
999 _c1781162
_d1781162